=LDR 00000nam 2200000 4500 =001 INLIS000000000003527 =005 20130612091829 =008 ***********************************Ind** =035 ##$$0010-061300000003527 =041 ##$$a Ind =082 ##$$a 583.322 =090 ##$$a 583.322; Har s =100 ##$$a Haryoto =245 ##$$a Susu Yoghurt kecipir, Haryoto =250 ##$$a Teknologi tepat guna =260 ##$$a 1996 $b Yogyakarta =300 ##$$a 53 hlm., ilus., 18 cm =650 ##$$a Kecipir =850 ##$$a NBPNMAT